Archivovanie a správa registratúry po novom

Informácia o uchovávaní dokumentárnych, písomných, obrázkových, zvukových a iných materiálov tak, ako to ustanovujú nové právne predpisy. Základné obsahové vymedzenie pojmov archív, archívne dokumenty, archívny fond a archívna zbierka. Bádateľský poriadok a pravidlá vstupu do bádateľne. Registratúrn...

Description complète

Enregistré dans:
Détails bibliographiques
Auteur principal: Tvrdá, Janka
Format: Chapitre de livre
Langue:slovaque
Sujets:
Tags: Ajouter un tag
Pas de tags, Soyez le premier à ajouter un tag!

MARC

LEADER 00000naa a2200000 4500
001 r048950
005 20231003082841.0
041 0 |a slo 
044 |a SK 
245 1 0 |a Archivovanie a správa registratúry po novom  |c Janka Tvrdá 
520 |a Informácia o uchovávaní dokumentárnych, písomných, obrázkových, zvukových a iných materiálov tak, ako to ustanovujú nové právne predpisy. Základné obsahové vymedzenie pojmov archív, archívne dokumenty, archívny fond a archívna zbierka. Bádateľský poriadok a pravidlá vstupu do bádateľne. Registratúrny poriadok a správa registratúry. Registratúrny plán. Praktické príklady. 
610 2 0 |a archívnictvo 
610 2 0 |a archívy 
610 2 0 |a registre 
610 2 0 |a evidencia 
610 2 0 |a dokumenty 
100 1 |a Tvrdá, Janka